<?xml version="1.0" encoding="UTF-8"?>
<marc:record xmlns:marc="http://www.loc.gov/MARC21/slim">
   <marc:leader>00000nam a2200000 a 4500</marc:leader>
   <marc:datafield ind1="1" ind2=" " tag="100">
      <marc:subfield code="a">Gunnesch, Irene</marc:subfield>
      <marc:subfield code="4">ctb</marc:subfield>
      <marc:subfield code="e">Mitwirkende/-r</marc:subfield>
   </marc:datafield>
   <marc:datafield ind1="1" ind2=" " tag="100">
      <marc:subfield code="a">Stöllinger, Heide</marc:subfield>
      <marc:subfield code="4">ctb</marc:subfield>
      <marc:subfield code="e">Mitwirkende/-r</marc:subfield>
   </marc:datafield>
   <marc:datafield ind1="0" ind2="0" tag="245">
      <marc:subfield code="a">Faule Frieda</marc:subfield>
   </marc:datafield>
   <marc:datafield ind1="0" ind2="0" tag="245">
      <marc:subfield code="c">Irene Gunnesch ; Heide Stöllinger</marc:subfield>
   </marc:datafield>
   <marc:datafield ind1=" " ind2="1" tag="264">
      <marc:subfield code="a">Wien</marc:subfield>
      <marc:subfield code="b">Jungbrunnen</marc:subfield>
      <marc:subfield code="c">2011</marc:subfield>
   </marc:datafield>
   <marc:datafield ind1="1" ind2=" " tag="520">
      <marc:subfield code="a">Angaben aus der Verlagsmeldung

Faule Frieda / von Irene Gunnesch

Wenns besonders hektisch wird, hilft nur noch eins: Raus aus dem Hamsterrad. Ein Plädoyer für mehr Muße im Alltag.
Faultier Frieda hängt kopfüber zwischen den Ästen und führt ein geruhsames Leben. Sie schläft, frisst, schaut und sinniert. Auch die Affen, die vor ihr auf und ab springen, bringen sie nicht aus der Ruhe. Einer beschimpft sie – er hält sie für unnütz und für einen faulen Sack. Aber was soll falsch daran sein, herumzuhängen, denkt sich Frieda, es gibt genügend andere, die ständig in Bewegung sind und lauthals schreien.
Der Affe hüpft und hüpft, bis ihm die Luft ausgeht. Da lädt Frieda ihn zu einer kleinen Pause ein: „Komm rauf“, sagt sie, „und häng dich her.“
Der Affe staunt. Kopfüber neben Frieda sieht er, was die Welt zu bieten hat, wenn man sie in Ruhe und einmal aus einem ganz anderen Blickwinkel betrachtet.
</marc:subfield>
   </marc:datafield>
   <marc:datafield ind1=" " ind2=" " tag="020">
      <marc:subfield code="a">9783702658250</marc:subfield>
      <marc:subfield code="9">9783702658250</marc:subfield>
   </marc:datafield>
   <marc:datafield ind1=" " ind2=" " tag="300">
      <marc:subfield code="a">32] S.</marc:subfield>
   </marc:datafield>
</marc:record>
